Țările Asiei de Est - Quiz pe hartă - Statistics

General Stats
  • This quiz has been taken 14 times
  • The average score is 15 of 17
Answers on the Map
Answers color-coded by a green-red scale on the quiz's map according to % correct below.
 
Answer Stats
Answer % Correct
China
100%
Coreea de Nord
100%
Coreea de Sud
100%
Filipine
100%
Japonia
100%
Mongolia
100%
Vietnam
100%
Birmania
83%
Cambodgia
83%
Indonezia
83%
Laos
83%
Singapore
83%
Taiwan
83%
Thailanda
83%
Timorul de Est
83%
Brunei
67%
Malaezia
67%
No matching quizzes found
Score Distribution
Percent of People with Each Score
Percentile by Number Answered
Your Score History
You have not taken this quiz